| 000 | 00712nam a2200205 a 4500 | ||
|---|---|---|---|
| 005 | 20251202064028.0 | ||
| 008 | 991125s1993 mx 000 0 spa u | ||
| 020 | _a9682950570 | ||
| 035 | _aUPN01000001159 | ||
| 049 | _aSEP | ||
| 050 | 4 |
_aL227 _bE8.50 1993 |
|
| 110 | 1 |
_aMéxico. _bSecretaría de Educación Pública |
|
| 245 | 1 | 0 |
_aAgenda de datos básicos de educación normal y actualización del magisterio / _cSecretaría de Educación Pública. |
| 260 |
_aMéxico : _bANUIES : _bSEP, _c[1993]. |
||
| 300 |
_a249 p. : _bgráfs. |
||
| 440 | 0 | _aInformación general y evaluación | |
| 650 | 4 |
_aEducación normal _zMéxico _vEstadística _917589 |
|
| 650 | 4 |
_aESCUELAS NORMALES - _zMEXICO _91548 |
|
| 905 | _aLibro | ||
| 999 |
_c1159 _d1159 |
||